Statistiques concernant Les éléments les plus abondants dans la croûte terrestre

Cliquez ici pour prendre le quiz!

Statistiques générales

  • Ce quiz a été pris 39 fois
  • Le résultat moyen est 5 sur 10

Statistiques - réponses

ProportionÉlément% Correct
46.1 %
Oxygène
81%
5.6 %Fer
78%
0.1 %Hydrogène
69%
4.2 %Calcium
44%
2.3 %Magnésium
44%
28.2 %Silicium
41%
8.2 %Aluminium
38%
2.1 %Potassium
38%
2.4 %Sodium
34%
0.6 %Titane
9%

Distribution des résultats

Percentile par nombre de réponses

% des personnes avec chaque résultat

Votre développement - résultats

Vous n’avez pas pris ce quiz